| 000 | 00341nam a22001457a 4500 | ||
|---|---|---|---|
| 003 | SGT | ||
| 020 | _a978-8131248799 | ||
| 082 |
_a617.5 _bQ17R |
||
| 100 | _aRAO, JYOTSNA | ||
| 245 | _aQUICK RECIEW SERIES FOR BDS 4TH YEAR | ||
| 260 |
_aDelhi India _bElsevier India _c2017 |
||
| 300 | _a1-1046 | ||
| 650 | _aDENTISTRY | ||
| 942 |
_2ddc _cBK _04 |
||
| 999 |
_c21852 _d21852 |
||